Normal view
MARC view
- THE SPECTACLE OF EMPIRE
Entry Topical Term
001 - CONTROL NUMBER
- control field: 75069
003 - CONTROL NUMBER IDENTIFIER
- control field: NUST
005 - DATE AND TIME OF LATEST TRANSACTION
- control field: 20210628205339.0
008 - FIXED-LENGTH DATA ELEMENTS
- fixed length control field: 210628|| aca||aabn | a|a d
040 ## - CATALOGING SOURCE
- Original cataloging agency: NUST
- Transcribing agency: NUST
150 ## - HEADING--TOPICAL TERM
- Topical term or geographic name entry element: THE SPECTACLE OF EMPIRE
670 ## - SOURCE DATA FOUND
- Source citation: Work cat.: (NUST): MORRIS, JAM 75068, THE SPECTACLE OF EMPIRE STYLES EFFECT AND THE PAK BRITANNICA, 1982
